=LDR 00000nam 2200000 4500 =001 000792 =005 20250711112029 =035 ##$$a 0010-0725000662 =007 ta =008 250711################a##########0#ind## =020 ##$$a 978-623-307-377-6 =082 ##$$a 398. 209 598 =084 ##$$a 398. 209 598 BER p =100 #$$a Bereket, Abraham =245 1#$$a Pelajaran dari Ayah /$c Abraham Bereket =250 ##$$a Cetakan Pertama =260 ##$$a Jakarta Timur :$b Badan Pengembangan dan Pembinaan Bahasa,$c 2024 =300 ##$$a 16 hlm. : $b Ilus. ; $c 29,7 cm =650 #4$$a Cerita-anak Indonesia-Terjemahan =990 ##$$a TBM2024006255